| 000 | 00733nam a22001937a 4500 | ||
|---|---|---|---|
| 005 | 20100813141122.0 | ||
| 010 | _aENG-100146 | ||
| 020 |
_a9789380217567 _c125.00 |
||
| 035 | _aEN-83678 | ||
| 037 | _bDBAD/PUB | ||
| 082 | _a480 | ||
| 100 |
_aArulselvi, Evangelin _91486 |
||
| 245 |
_aTeaching of special english : _btamilnadu teacher education university new syllabus 2009-2010 / _cby Evangelin Arulselvi |
||
| 260 |
_aChennai _bSaratha Pathippagam _c2009 |
||
| 270 |
_a10/14, Thoppu Venatachalam Street, Triplicane, _bChennai _e600005 |
||
| 300 |
_a272p.: _c21cm (pbk) _bill |
||
| 942 |
_2ddc _cEN _h480 _mARU |
||
| 999 |
_c41630 _d41630 |
||